000 00516nam a2200181Ia 4500
999 _c28433
_d28433
003 OSt
005 20201209144352.0
008 190216s9999||||xx |||||||||||||| ||und||
020 _a9788171800704
040 _coclc
082 _a894.8124
_bSAN/P
100 _aSankaran, Thayat
_93240
245 0 _aParshwaveekshanam /
_cThayat Sankaran
260 _bPoorna Publications,
_aKozhikode:
_c2004.
300 _a84p
650 _aLekhanam
942 _cBK
_2ddc
_h894.8124
_iSAN/P
_k894.8124
_mSAN/P